Futurama Characters - Statistics

General Stats
  • This quiz has been taken 710 times
  • The average score is 24 of 62
Answer Stats
Characters % Correct
Philip J. Fry
99%
Turanga Leela
98%
Bender Bending Rodriguez
97%
Amy Wong
96%
Professor Hubert J. Farnsworth
92%
Hermes Conrad
91%
Doctor John Zoidberg
88%
Kif Kroker
84%
Zapp Brannigan
78%
Mom
76%
Lord Nibbler
72%
Scruffy... The Janitor
71%
Cubert Farnsworth
65%
Lrrr
65%
Richard Nixon's Head
65%
Calculon
63%
Robot Devil
62%
Flexo
61%
Clamps
59%
LaBarbara Conrad
58%
Donbot
54%
Morbo The Annihillator
54%
Roberto
52%
Dr. Ogden Wernstrom
48%
Hedonismbot
48%
Dwight Conrad
44%
Elzar
43%
Robot Santa
42%
Barbados Slim
41%
Hypnotoad
38%
Leo Wong
37%
Headless Body of Agnew
30%
Linda van Schoonhoven
29%
Hyperchicken
24%
Joey Mousepad
23%
Michelle
23%
The Crushinator
21%
Turanga Morris
21%
Al Gore's Head
18%
Mr. Panucci
17%
Inez Wong
16%
Tinny Tim
16%
Turanga Munda
16%
Sal
15%
URL
15%
Reverend Lionel Preacherbot
12%
Kwanzaabot
11%
Randy Munchnik
11%
Smitty
11%
Bubblegum Tate
10%
Horrible Gelatinous Blob
7%
Boxy
6%
Chanukah Zombie
6%
Pazuzu
6%
Petunia
6%
Antonio Calculon
5%
Brain Slugs
5%
Steven Hawking
5%
Gypsy-Bot
4%
Hattie McDoogal
4%
Warden Vogel
3%
Father Changstein-El-Gamal
2%
No matching quizzes found
Score Distribution
Percent of People with Each Score
Percentile by Number Answered
Your Score History
You have not taken this quiz